00741 a2200229 4500952012200000999001500122022001200137050002100149100002300170245006700193264003800260300001300298500001900311650003300330651001700363700002100380700001700401700002200418700001300440700002300453942003500476 001040708NFICaLLbLLcGENd2021-09-27l0oKTL19.A35SOU1992p005849r2021-09-27 00:00:00tC.1w2021-09-27ySERIALS c9884d9884 INo ISSN aKTL19.A35SOU1992 aFisher D Seeditor aSouth African law reports:b1992(4) - October /cDavid, Fisher aCape Town:bJuta & Company,c1992 a290p . : aIncludes index aLaw reports -- South Africa aSouth Africa aBarrow Oeeditor aBadenhorst B aCavvads Jeeditor aHanmer N aPienaar N  2lcccSERIALSh19.A35iSOUkKTL